| 000 | 00438nam a2200169Ia 4500 | ||
|---|---|---|---|
| 003 | OSt | ||
| 005 | 20230606112216.0 | ||
| 008 | 210423s2010 xx 000 0 und d | ||
| 040 | _cAL | ||
| 041 | _aeng | ||
| 082 |
_a301 _223 _bSACM |
||
| 245 | _aMangalore: yesterday today and tomorrow. | ||
| 260 |
_aMangalore _bSt Aloysius College _c2010 |
||
| 365 | _cINR | ||
| 906 | _aMangalore: ; today ; tomorrow. ; yesterday | ||
| 942 |
_2ddc _cBK |
||
| 999 |
_c175809 _d175809 |
||